| 000 | 00464nam a22001817a 4500 | ||
|---|---|---|---|
| 003 | MPLRDC | ||
| 005 | 20220104124438.0 | ||
| 008 | 210129b ||||| |||| 00| 0 eng d | ||
| 020 | _a957-08-3055-2 | ||
| 082 | _a494.8 DQYY-3 | ||
| 100 | _a大前研一 | ||
| 245 |
_a我的发想术 _c王丽芳译 |
||
| 250 | _a初版 | ||
| 260 |
_a台湾 _b联经出版事业股份有限公司 _c2006 |
||
| 300 | _b190 | ||
| 650 | _a企业管理 | ||
| 942 |
_cBK _o494.8 DQYY-3 |
||
| 999 |
_c19394 _d19384 |
||